Dutch Literary Authors - Statistics

General Stats
  • This quiz has been taken 11 times
  • The average score is 6 of 28
Answer Stats
Literary Period Author % Correct
Renaissance Desiderius Erasmus
67%
Post war Gerard Reve
56%
Post war W.F. Hermans
56%
Post war Harry Mulisch
44%
Golden Age Joost van den Vondel
33%
Golden Age P.C. Hooft
33%
Interbellum Simon Vestdijk
33%
Still Active Tommy Wieringa
33%
Enlightenment Aagje Deken
22%
World War II Anne Frank
22%
Still active Arnon Grunberg
22%
Golden Age Constantijn Huygens
22%
Still Active Ilja Leonard Pfeiffer
22%
Golden Age Jacob Cats
22%
Realism Multatuli
22%
Interbellum Willem Elsschot
22%
Post War Annie M.G. Schmidt
11%
Post War Bernlef
11%
Enlightenment Betje Wolff
11%
Interbellum F. Bordewijk
11%
Golden Age G.A. Bredero
11%
Still active Herman Koch
11%
Realism Hildebrand
11%
Still active Kader Abdolah
11%
Romanticism Willem Bilderdijk
11%
Enlightenment Hiëronymus van Alphen
0%
Naturalism Louis Couperus
0%
Realism Piet Paaltjens
0%
No matching quizzes found
Score Distribution
Percent of People with Each Score
Percentile by Number Answered
Your Score History
You have not taken this quiz